| 000 | 00764nam a2200205 i 4500 | ||
|---|---|---|---|
| 001 | 44759 | ||
| 003 | ES-MaACL | ||
| 007 | t| | ||
| 008 | 030324s1977 sp ||||1| spa d | ||
| 245 | 0 | 0 |
_aCódigo de justicia militar y legislación complementaria _b: . Leyes penales de la Marina Mercante y procesal de la navegación aérea / _crevisión Martín Bravo Navarro y Juan Ignacio Puig Durán. |
| 260 |
_a[Madrid] : _bReus, _c1977. |
||
| 300 |
_a536 p. ; _c14 cm. |
||
| 490 | 1 | _aBiblioteca oficial legislativa | |
| 700 | 1 |
_aBravo Navarro, Martín. _931499 |
|
| 700 | 1 |
_aPuig Durán, Juan Ignacio. _994263 |
|
| 830 | 0 |
_aBiblioteca oficial legislativa _9184191 |
|
| 852 |
_aES-MaACL _946431 _jG-14939 _bR.98817 |
||
| 942 | _2udc | ||
| 999 |
_c44759 _d44759 |
||